Statistiken für Alle Ortschaften im Kreis Höxter

Klicken Sie hier um das Quiz zu spielen!

Allgemein

  • Dieses Quiz wurde 49 mal gespielt
  • Das Durchschnittsergebnis liegt bei 48 aus 128

Antwortstatistiken

Ortschaften% Korrekt
Brakel
88%
Steinheim
88%
Nieheim
85%
Warburg
81%
Höxter
77%
Marienmünster
77%
Bad Driburg
73%
Borgentreich
73%
Willebadessen
73%
Albaxen
69%
Beverungen
69%
Godelheim
69%
Herste
65%
Lüchtringen
65%
Alhausen
62%
Bosseborn
62%
Oeynhausen
62%
Reelsen
62%
Stahle
62%
Peckelsheim
58%
Sommersell
58%
Dalhausen
54%
Drenke
54%
Ottbergen
54%
Pömbsen
54%
Vörden
54%
Amelunxen
50%
Beller
50%
Bödexen
50%
Dringenberg
50%
Entrup
50%
Gehrden
50%
Hembsen
50%
Istrup
50%
Merlsheim
50%
Rheder
50%
Bellersen
46%
Bergheim
46%
Bredenborn
46%
Brenkhausen
46%
Eversen
46%
Langeland
46%
Rolfzen
46%
Vinsebeck
46%
Altenbergen
42%
Bökendorf
42%
Eissen
42%
Erkeln
42%
Frohnhausen
42%
Fürstenau
42%
Himmighausen
42%
Löwen
42%
Lütmarsen
42%
Neuenheerse
42%
Ottenhausen
42%
Ovenhausen
42%
Riesel
42%
Sandebeck
42%
Wormeln
42%
Erpentrup
38%
Germete
38%
Grevenhagen
38%
Hagedorn
38%
Kariensiek
38%
Siebenstern
38%
Bruchhausen
35%
Holzhausen
35%
Kollerbeck
35%
Löwendorf
35%
Schönenberg
35%
Altenheerse
31%
Born
31%
Eichholz
31%
Ossendorf
31%
Tietelsen
31%
Bad Hermannsborn
27%
Daseburg
27%
Erwitzen
27%
Hohenwepel
27%
Menne
27%
Niesen
27%
Scherfede
27%
Sidessen
27%
Wehrden
27%
Würgassen
27%
Auenhausen
23%
Blankenau
23%
Borgholz
23%
Bühne
23%
Eilversen
23%
Großenbreden
23%
Haarbrück
23%
Herstelle
23%
Hohehaus
23%
Kleinenbreden
23%
Lütgeneder
23%
Natzungen
23%
Rothe
23%
Bremerberg
19%
Fölsen
19%
Hampenhausen
19%
Natingen
19%
Nörde
19%
Papenhöfen
19%
Calenberg
15%
Dössel
15%
Herlinghausen
15%
Jakobsberg
15%
Kühlsen
15%
Münsterbrock
15%
Rimbeck
15%
Schmechten
15%
Willegassen
15%
Bonenburg
12%
Borlinghausen
12%
Dalheim
12%
Großeneder
12%
Körbecke
12%
Schweckhausen
12%
Drankhausen
8%
Ikenhausen
8%
Manrode
8%
Muddenhagen
8%
Rösebeck
8%
Engar
4%
Helmern
4%
Welda
4%
Hadehausen
0%

Verteilung der Resultate

Perzentil nach korrekt beantworteten Fragen

Anzahl Personen mit jedem Resultat

Ihre Resultats-Entwicklung

Sie haben dieses Quiz noch nicht gespielt